00386nam a2200157Ia 4500003000900000008004100009040001600050080001600066100001900082245005300101250001200154260002400166300001500190650001100205650001200216IN-BaIIA211028s9999 xx 000 0 eng d cIIA Library a535.31bLON aLonghurst,R.S. 0aGeometrical and physical opticscR. S. Longhurst a2nd ed. aLondonbGreenc1968 axvi, 592p. aOptics aPhysics